| 000 | 01348aam a2200349 i 4500 | ||
|---|---|---|---|
| 999 |
_c46279 _d46279 |
||
| 001 | 768714001 | ||
| 003 | CO-MdFUSB | ||
| 005 | 20201029113938.0 | ||
| 007 | ta | ||
| 008 | 200519t1987 enka|||| |||| 00| 0 eng d | ||
| 020 | _a0225664879 | ||
| 040 |
_bspa. _aCO-MdFUSB _cCO-MdFUSB _dCO-MdFUSBC _erda |
||
| 041 | _aeng | ||
| 082 |
_223 _a226.7 _bH498 |
||
| 100 | 1 |
_aHendrickx, Herman _eautor |
|
| 245 | 1 | 4 |
_aThe miracle stories of the synoptic gospels _c/ Herman Hendrickx |
| 264 | 1 |
_aLondres : _bGeoffrey Chapman Mowbray, _c[1987] |
|
| 264 | 4 | _c© 1987 | |
| 300 |
_a310 páginas _c; 22 cm |
||
| 336 |
_atexto _btxt _2rdacontent |
||
| 337 |
_2rdamedia _asin mediación _bn |
||
| 338 |
_2rdacarrier _avolumen _bnc |
||
| 505 | _aMilagros: El estado de la cuestión - La curación de un endemoniado en la sinagoga - La curación de la cuñada de Pedro - La curación de un leproso - La curación del paralítico - La curación del hombre con la mano seca - El apaciguamiento de la tormenta - La resucitación del único hijo de una viuda - La curación de los diez leprosos - Predicando las historias de milagros | ||
| 563 | _aRústico | ||
| 600 | 0 | 7 |
_aJesucristo _xDivinidad |
| 630 | 0 | 7 |
_aBiblia. _pEvangelios |
| 650 | 7 |
_91077 _aMilagros |
|
| 653 | _aJesucristo -- Milagros. | ||
| 942 | _cBK | ||
| 945 | _aJTF-925 | ||